The one-minute sufi

Bibliographic Details
Main Author: Azim Jamal
Format: Book
Published: New Delhi : Jaico Pub. House , 2013
Subjects:

MARC

LEADER 00000cam a2200000 7i4500
001 0000047550
005 20150519.0
008 150519
020 |a 817992517X 
020 |a 9788179925171 
090 0 0 |a 297.4   |b AZI 
100 0 |a Azim Jamal 
245 1 4 |a The one-minute sufi   |c Azim Jamal 
260 |a New Delhi :   |b Jaico Pub. House ,   |c 2013 
650 0 |a Spiritual life   |x Islam 
650 0 |a Sufism 
999 |a 0001350729   |b Book   |c Adult Collection   |e Cawangan Kota Tinggi 
999 |a 0001350730   |b Book   |c Adult Collection   |e Cawangan Sri Merlong 
999 |a 0001350731   |b Book   |c Adult Collection   |e Cawangan Bukit Gambir 
999 |a 0001350732   |b Book   |c Adult Collection   |e Cawangan Bandar Penawar 
999 |a 0001350734   |b Book   |c Adult Collection   |e Cawangan Mersing 
999 |a 0001350735   |b Book   |c Adult Collection   |e Cawangan Batu Pahat 
999 |a 0001350736   |b Book   |c Adult Collection   |e Cawangan Tangkak 
999 |a 0001350737   |b Book   |c Adult Collection   |e Cawangan Segamat 
999 |a 0001350738   |b Book   |c Adult Collection   |e Cawangan Bandar Tenggara 
999 |a 0001350739   |b Book   |c Adult Collection   |e Cawangan Tmn. Ungku Tun Aminah 
999 |a 0001350740   |b Book   |c Adult Collection   |e Cawangan Taman Sri Lambak 
999 |a 0001351721   |b Book   |c Adult Collection   |e Cawangan Urban Transformation Centre 
999 |a 0001351722   |b Book   |c Adult Collection   |e Perbadanan Perpustakaan Awam Johor